[Event "Groningen op-B 55th"]
[Site "Groningen"]
[Date "2017.12.27"]
[Round "6"]
[White "Akotchik, Victor"]
[Black "Schleipfenbauer, Bent"]
[Result "1-0"]
[WhiteElo "2059"]
[BlackElo "1968"]
[PlyCount "72"]
[EventDate "2017.12.22"]
[EventType "swiss"]
[EventRounds "9"]
[EventCountry "NED"]
[SourceTitle "CBM 182 Extra"]
[Source "ChessBase"]
[SourceDate "2018.02.23"]
[SourceVersion "1"]
[SourceVersionDate "2018.02.23"]
[SourceQuality "1"]

1. e4 c5 2. a3 d5 3. exd5 Nf6 4. Bb5+ Bd7 5. Bxd7+ Nbxd7 6. c4 e6 7. Qe2 Bd6 8. dxe6 Ne5 9. Nf3 Nxf3+ 10. Qxf3 Qe7 11. 0-0 Qxe6 12. d3 0-0 13. Nc3 Rfe8 14. h3 Rad8 15. Bd2 Qe5 16. g3 Bb8 17. Rae1 Qd4 18. Bg5 Be5 19. Re3 h6 20. Bxf6 Bxf6 21. Rxe8+ Rxe8 22. Rb1 Qd7 23. Kg2 Rd8 24. Nd5 Bd4 25. b4 b5 26. Re1 bxc4 27. dxc4 Re8 28. Re4 Rxe4 29. Qxe4 Qe6 30. Ne7+ Kf8 31. Qxe6 fxe6 32. Nc6 Bb2 33. Nxa7 Bxa3 34. b5 Ke8 35. b6 Kd7 36. b7 Ke8 1-0

[Event "Hoogeveen Unive op"]
[Site "Hoogeveen"]
[Date "2009.10.21"]
[Round "6"]
[White "Beukema, Stefan"]
[Black "Akotchik, Victor"]
[Result "1-0"]
[WhiteElo "2032"]
[BlackElo "2102"]
[PlyCount "79"]
[EventDate "2009.10.16"]
[EventType "swiss"]
[EventRounds "9"]
[EventCountry "NED"]
[SourceTitle "CBM 132 Extra"]
[Source "ChessBase"]
[SourceDate "2009.11.03"]
[SourceVersion "1"]
[SourceVersionDate "2009.11.03"]
[SourceQuality "1"]

1. e4 c5 2. Nf3 d6 3. d4 cxd4 4. Nxd4 Nf6 5. Nc3 a6 6. f4 Qb6 7. a3 g6 8. Be3 Bd7 9. Qd2 Ng4 10. Bg1 Qxb2 11. Nb3 Bg7 12. Bd4 e5 13. Nd1 Qxd4 14. Nxd4 exd4 15. Bd3 Nc6 16. Rb1 b5 17. h3 Nf6 18. 0-0 0-0 19. a4 b4 20. e5 dxe5 21. fxe5 Nd5 22. Be4 Be6 23. Nb2 Bxe5 24. Nd3 Bd6 25. Qh6 Rac8 26. Bxd5 Bxd5 27. Nf4 Be4 28. Rbe1 Bxf4 29. Rxf4 Bxc2 30. Rh4 g5 31. Qxg5+ Bg6 32. Qf6 d3 33. Rc4 Na7 34. Qxa6 b3 35. Rxc8 Rxc8 36. Qxa7 d2 37. Rd1 Bc2 38. Qd7 Rc5 39. Qd8+ Kg7 40. Qd4+ 1-0

[Event "Hoogeveen Unive op"]
[Site "Hoogeveen"]
[Date "2009.10.19"]
[Round "4"]
[White "Sparenberg, Erik"]
[Black "Akotchik, Victor"]
[Result "0-1"]
[WhiteElo "2076"]
[BlackElo "2102"]
[PlyCount "59"]
[EventDate "2009.10.16"]
[EventType "swiss"]
[EventRounds "9"]
[EventCountry "NED"]
[SourceTitle "CBM 132 Extra"]
[Source "ChessBase"]
[SourceDate "2009.11.03"]
[SourceVersion "1"]
[SourceVersionDate "2009.11.03"]
[SourceQuality "1"]

1. e4 e5 2. Nf3 Nc6 3. Bb5 a6 4. Ba4 d6 5. 0-0 Bd7 6. c3 g6 7. d4 Bg7 8. d5 Nb8 9. Bc2 a5 10. Nbd2 f5 11. exf5 gxf5 12. Nc4 Qf6 13. Re1 Nh6 14. Ng5 0-0 15. Qh5 Kh8 16. f4 e4 17. Be3 Qg6 18. Qh4 Ng4 19. Bd1 Nf6 20. Ne6 Bxe6 21. dxe6 Re8 22. Bd4 Rxe6 23. Re3 Nc6 24. Bxf6 Qxf6 25. Qf2 d5 26. Na3 a4 27. Rh3 Qe7 28. Rh5 d4 29. Nc4 b5 30. Na3 0-1

[Event "Hoogeveen Unive op"]
[Site "Hoogeveen"]
[Date "2009.10.17"]
[Round "2"]
[White "Heemskerk, Wim"]
[Black "Akotchik, Victor"]
[Result "1-0"]
[WhiteElo "2236"]
[BlackElo "2102"]
[PlyCount "67"]
[EventDate "2009.10.16"]
[EventType "swiss"]
[EventRounds "9"]
[EventCountry "NED"]
[SourceTitle "CBM 132 Extra"]
[Source "ChessBase"]
[SourceDate "2009.11.03"]
[SourceVersion "1"]
[SourceVersionDate "2009.11.03"]
[SourceQuality "1"]

1. d4 d5 2. Nf3 Nc6 3. g3 Bf5 4. Bg2 e6 5. c3 Be7 6. Nbd2 h5 7. 0-0 h4 8. Re1 hxg3 9. hxg3 Nf6 10. b4 Bd6 11. b5 Ne7 12. c4 Ng6 13. Qb3 Be7 14. Ng5 Ng4 15. e4 dxe4 16. Ngxe4 Bxe4 17. Nxe4 f5 18. Bb2 fxe4 19. Rxe4 Nf6 20. Rxe6 Qd7 21. Rae1 0-0-0 22. Qf3 Rde8 23. Qxb7+ Kd8 24. Qxa7 Bb4 25. Rxe8+ Nxe8 26. Bc6 Qc8 27. Bb7 Rh1+ 28. Bxh1 Bxe1 29. d5 Qf5 30. Qe3 Qb1 31. Bc1 Bb4 32. Be4 Bd2 33. Bxb1 Bxe3 34. Bxe3 1-0

[Event "Hoogeveen Unive op"]
[Site "Hoogeveen"]
[Date "2009.10.16"]
[Round "1"]
[White "Akotchik, Victor"]
[Black "Vedder, Henk"]
[Result "1/2-1/2"]
[WhiteElo "2102"]
[BlackElo "2364"]
[PlyCount "107"]
[EventDate "2009.10.16"]
[EventType "swiss"]
[EventRounds "9"]
[EventCountry "NED"]
[SourceTitle "CBM 132 Extra"]
[Source "ChessBase"]
[SourceDate "2009.11.03"]
[SourceVersion "1"]
[SourceVersionDate "2009.11.03"]
[SourceQuality "1"]

1. e4 e6 2. d4 d5 3. e5 b6 4. c3 Qd7 5. Nd2 Ne7 6. Ndf3 c5 7. Nh3 Ng6 8. a3 Ba6 9. Bxa6 Nxa6 10. 0-0 Be7 11. Re1 Rc8 12. Nfg5 cxd4 13. cxd4 Nb8 14. f4 Bxg5 15. Nxg5 0-0 16. Qd3 Rc4 17. b3 Rc6 18. Bd2 Rfc8 19. Ra2 h6 20. Nf3 R8c7 21. g4 Ne7 22. Nh4 Qc8 23. f5 Qa6 24. Qe3 exf5 25. gxf5 Qc8 26. e6 fxe6 27. f6 gxf6 28. Bb4 Kf7 29. Qxh6 Ke8 30. Qh8+ Kd7 31. Qxf6 Qe8 32. Rg2 Kc8 33. Rg7 Ng8 34. Rxc7+ Kxc7 35. Qg7+ Kc8 36. Rf1 Nd7 37. Rf7 Qd8 38. Nf3 Rc1+ 39. Kg2 Ngf6 40. Be7 Nh5 41. Qg5 Rc2+ 42. Kf1 Qh8 43. h4 Rc3 44. Ke1 a5 45. Ne5 Kb7 46. Bd6 Nhf6 47. Nxd7 Nxd7 48. Rxd7+ Ka6 49. Qd8 Rc1+ 50. Kd2 Qxd4+ 51. Kxc1 Qg1+ 52. Kd2 Qf2+ 53. Kd3 Qf3+ 54. Kd2 1/2-1/2

[Event "Groningen op-A"]
[Site "Groningen"]
[Date "2008.12.23"]
[Round "3"]
[White "Bensdorp, Marlies"]
[Black "Akotchik, Victor"]
[Result "1-0"]
[WhiteElo "2303"]
[BlackElo "2128"]
[PlyCount "137"]
[EventDate "2008.12.21"]
[EventType "swiss"]
[EventRounds "9"]
[EventCountry "NED"]
[SourceTitle "CBM 127 Extra"]
[Source "ChessBase"]
[SourceDate "2009.01.08"]
[SourceVersion "2"]
[SourceVersionDate "2009.01.28"]
[SourceQuality "1"]

1. d4 d5 2. c4 e6 3. Nc3 c6 4. e3 Bd6 5. Bd3 f5 6. Qc2 Nh6 7. Nge2 0-0 8. Bd2 Kh8 9. f3 dxc4 10. Bxc4 b5 11. Bd3 Na6 12. a3 b4 13. Nd1 bxa3 14. bxa3 c5 15. 0-0 Qe7 16. Ndc3 Nc7 17. a4 a6 18. Rab1 cxd4 19. exd4 Ng8 20. Rfe1 Qh4 21. g3 Qf6 22. Rb6 Rd8 23. Bc4 Ne7 24. f4 Ned5 25. Nxd5 exd5 26. Bd3 Bd7 27. Reb1 Rac8 28. Qb3 Be8 29. Bb4 Bh5 30. Bxd6 Rxd6 31. Rxd6 Qxd6 32. Bxf5 Re8 33. Nc1 Qe7 34. Qc3 Kg8 35. Kf2 g5 36. Rb7 Qf6 37. Bxh7+ Kh8 38. Rxc7 gxf4 39. Kg1 Re3 40. Qd2 Qg5 41. Qf2 Bf3 42. Bd3 fxg3 43. hxg3 Kg8 44. Be2 Qg4 45. Qh2 Qg6 46. Bxf3 Rxf3 47. Ne2 Qf5 48. Rc1 Qg4 49. Qh4 Qe6 50. Qg5+ Kf8 51. Qe5 Qxe5 52. dxe5 Re3 53. Kf2 Rxe5 54. Rc6 d4 55. Rxa6 d3 56. Nf4 d2 57. Rd6 Re4 58. Rxd2 Rxa4 59. Rd7 Kg8 60. Kf3 Rb4 61. Kg4 Rb5 62. Kh4 Ra5 63. g4 Rb5 64. g5 Rb1 65. Kh5 Rb6 66. g6 Rb4 67. Kg5 Rb6 68. Rd8+ Kg7 69. Nh5# 1-0

[Event "Hoogeveen Essent op"]
[Site "Hoogeveen"]
[Date "2008.10.23"]
[Round "7"]
[White "Mostertman, Milan"]
[Black "Akotchik, Victor"]
[Result "1/2-1/2"]
[WhiteElo "2044"]
[BlackElo "2128"]
[PlyCount "65"]
[EventDate "2008.10.17"]
[EventType "swiss"]
[EventRounds "9"]
[EventCountry "NED"]
[SourceTitle "CBM 126 Extra"]
[Source "ChessBase"]
[SourceDate "2008.11.05"]
[SourceVersion "1"]
[SourceVersionDate "2008.11.05"]
[SourceQuality "1"]

1. e4 c5 2. Nf3 d6 3. d4 cxd4 4. Nxd4 Nf6 5. Nc3 a6 6. Bg5 e6 7. f4 Be7 8. Qf3 Qc7 9. 0-0-0 Nbd7 10. g4 b5 11. Bxf6 Nxf6 12. g5 Nd7 13. h4 Bb7 14. h5 b4 15. Nce2 Rc8 16. g6 f5 17. h6 Bf6 18. Qh5 Bxe4 19. hxg7 Bxg7 20. gxh7+ Ke7 21. Rg1 Qxc2+ 22. Nxc2 Rxc2+ 23. Kb1 Rxb2+ 24. Kc1 Rc8+ 25. Nc3 Bxc3 26. Rd3 Be5+ 27. Kd1 Rb1+ 28. Ke2 Bxd3+ 29. Kxd3 Rc3+ 30. Ke2 Rb2+ 31. Kd1 Rb1+ 32. Ke2 Rb2+ 33. Kd1 1/2-1/2

[Event "Hoogeveen Essent op"]
[Site "Hoogeveen"]
[Date "2008.10.22"]
[Round "6"]
[White "Akotchik, Victor"]
[Black "Archangelsky, Mikhail"]
[Result "1-0"]
[WhiteElo "2128"]
[BlackElo "2276"]
[PlyCount "69"]
[EventDate "2008.10.17"]
[EventType "swiss"]
[EventRounds "9"]
[EventCountry "NED"]
[SourceTitle "CBM 126 Extra"]
[Source "ChessBase"]
[SourceDate "2008.11.05"]
[SourceVersion "1"]
[SourceVersionDate "2008.11.05"]
[SourceQuality "1"]

1. e4 c5 2. Nf3 e6 3. d3 Nc6 4. c3 d5 5. Nbd2 Nf6 6. g3 Be7 7. Bg2 dxe4 8. dxe4 Qd3 9. Bf1 Qd7 10. Bb5 Qc7 11. Nc4 Nxe4 12. Bf4 Qd8 13. Qa4 0-0 14. Bxc6 bxc6 15. Rd1 Qe8 16. Nb6 axb6 17. Qxa8 e5 18. Nxe5 Bf6 19. Qb8 Qe7 20. 0-0 Bh3 21. Nxc6 Qe6 22. Nd8 Qf5 23. Rfe1 g5 24. f3 gxf4 25. Rxe4 Qg5 26. Nxf7 Rxb8 27. Nxg5 Bxg5 28. Rd5 h6 29. gxf4 Bf6 30. f5 Rb7 31. Kf2 Rg7 32. Rd6 Rg2+ 33. Ke3 Kf7 34. Rxb6 Bxf5 35. Ra4 1-0

[Event "Hoogeveen Essent op"]
[Site "Hoogeveen"]
[Date "2007.10.18"]
[Round "7"]
[White "Tondivar, Babak"]
[Black "Akotchik, Victor"]
[Result "1/2-1/2"]
[WhiteElo "2353"]
[BlackElo "2015"]
[PlyCount "68"]
[EventDate "2007.10.12"]
[EventType "swiss"]
[EventRounds "9"]
[EventCountry "NED"]
[SourceTitle "CBM 120 Extra"]
[Source "ChessBase"]
[SourceDate "2007.11.01"]
[SourceVersion "1"]
[SourceVersionDate "2007.11.01"]
[SourceQuality "1"]

1. d4 d5 2. c4 e6 3. Nc3 c6 4. e3 Bd6 5. Bd3 f5 6. Nge2 Nf6 7. f3 0-0 8. Qc2 a6 9. 0-0 Qc7 10. h3 Nh5 11. Bd2 dxc4 12. Bxc4 Kh8 13. a4 e5 14. dxe5 Bxe5 15. f4 Bd6 16. a5 Qe7 17. e4 Bc5+ 18. Kh2 Nf6 19. e5 Ng4+ 20. Kg3 Ne3 21. Bxe3 Bxe3 22. Rf3 Ba7 23. h4 Nd7 24. Na4 Bb8 25. Qd2 Bc7 26. Rd3 Nxe5 27. fxe5 Bxe5+ 28. Kf3 Qxh4 29. Nb6 f4 30. Nxc8 Qh5+ 31. Kf2 Qh4+ 32. Kf3 Qh5+ 33. Kf2 Qh4+ 34. Kf3 Qh5+ 1/2-1/2

[Event "Hoogeveen Essent op"]
[Site "Hoogeveen"]
[Date "2007.10.16"]
[Round "5"]
[White "Mamedjarova, Zeinab"]
[Black "Akotchik, Victor"]
[Result "1/2-1/2"]
[WhiteElo "2342"]
[BlackElo "2015"]
[PlyCount "109"]
[EventDate "2007.10.12"]
[EventType "swiss"]
[EventRounds "9"]
[EventCountry "NED"]
[SourceTitle "CBM 120 Extra"]
[Source "ChessBase"]
[SourceDate "2007.11.01"]
[SourceVersion "1"]
[SourceVersionDate "2007.11.01"]
[SourceQuality "1"]

1. d4 d5 2. c4 e6 3. Nf3 c6 4. e3 Bd6 5. Nc3 f5 6. Be2 Nd7 7. Rb1 Ngf6 8. 0-0 Ne4 9. Ne1 0-0 10. Nxe4 fxe4 11. f4 exf3 12. Nxf3 Nf6 13. Bd3 Qe8 14. Qe1 Qh5 15. Qh4 Qxh4 16. Nxh4 Bd7 17. Nf3 Rae8 18. Bd2 Re7 19. b4 Be8 20. c5 Bb8 21. a4 a6 22. b5 axb5 23. axb5 Ne4 24. Bb4 e5 25. Ra1 exd4 26. Nxd4 Rxf1+ 27. Bxf1 Bd7 28. bxc6 bxc6 29. Ra6 Nf6 30. Rb6 Re8 31. g3 Rc8 32. Ba6 Re8 33. Nxc6 Bxc6 34. Rxc6 Rxe3 35. Rc8+ Re8 36. Rxe8+ Nxe8 37. Bb7 Nf6 38. Kf2 Kf7 39. Ke2 Bc7 40. Kd3 Ke6 41. Bc8+ Ke7 42. Kd4 h5 43. Bd2 h4 44. Be1 hxg3 45. hxg3 g5 46. g4 Bh2 47. Bd2 Bg1+ 48. Be3 Bxe3+ 49. Kxe3 Kd8 50. Bf5 Kc7 51. Kd4 Kc6 52. Be6 Kb5 53. Ke5 Nxg4+ 54. Bxg4 Kxc5 55. Kf6 1/2-1/2

[Event "Hoogeveen Essent op"]
[Site "Hoogeveen"]
[Date "2007.10.15"]
[Round "4"]
[White "Akotchik, Victor"]
[Black "Okkes, Menno"]
[Result "1/2-1/2"]
[WhiteElo "2015"]
[BlackElo "2386"]
[PlyCount "93"]
[EventDate "2007.10.12"]
[EventType "swiss"]
[EventRounds "9"]
[EventCountry "NED"]
[SourceTitle "CBM 120 Extra"]
[Source "ChessBase"]
[SourceDate "2007.11.01"]
[SourceVersion "1"]
[SourceVersionDate "2007.11.01"]
[SourceQuality "1"]

1. d4 d5 2. Nc3 Nf6 3. Bg5 Nbd7 4. f3 c6 5. e4 dxe4 6. fxe4 e5 7. dxe5 Qa5 8. Bxf6 gxf6 9. e6 fxe6 10. Qg4 Nb6 11. Be2 Bb4 12. Rd1 Bd7 13. Qh5+ Qxh5 14. Bxh5+ Ke7 15. Rd3 Na4 16. a3 Bxc3+ 17. bxc3 c5 18. Ne2 Bb5 19. Rh3 Rad8 20. Nf4 Nb6 21. Bg4 e5 22. Nd3 Nc4 23. a4 Bxa4 24. Nxc5 Bc6 25. Bf5 b6 26. Nd3 h6 27. 0-0 Nd6 28. Re1 Nxf5 29. exf5 Kf7 30. Rh4 Rdg8 31. Re2 Rg5 32. Rf2 Bd7 33. Rc4 Rc8 34. Rh4 h5 35. c4 Rxf5 36. Rxf5 Bxf5 37. Nb4 Bg6 38. c3 f5 39. Nd5 Rc5 40. g3 Ra5 41. Kf2 Ke6 42. h3 Ra2+ 43. Kg1 Ra1+ 44. Kf2 Ra2+ 45. Kg1 Re2 46. Kf1 Ra2 47. Kg1 1/2-1/2

[Event "Hoogeveen Essent op"]
[Site "Hoogeveen"]
[Date "2007.10.14"]
[Round "3"]
[White "Willemze, Thomas"]
[Black "Akotchik, Victor"]
[Result "1-0"]
[WhiteElo "2417"]
[BlackElo "2015"]
[PlyCount "67"]
[EventDate "2007.10.12"]
[EventType "swiss"]
[EventRounds "9"]
[EventCountry "NED"]
[SourceTitle "CBM 120 Extra"]
[Source "ChessBase"]
[SourceDate "2007.11.01"]
[SourceVersion "1"]
[SourceVersionDate "2007.11.01"]
[SourceQuality "1"]

1. e4 d5 2. exd5 Nf6 3. c4 c6 4. d4 cxd5 5. Nc3 e6 6. Nf3 Bb4 7. cxd5 Nxd5 8. Qc2 Nc6 9. a3 Be7 10. Bd3 h6 11. 0-0 0-0 12. Be3 a6 13. Rad1 Nxc3 14. Qxc3 Bf6 15. Bb1 h5 16. Ne5 Ne7 17. Rfe1 b5 18. Qd3 g6 19. Bh6 Re8 20. Qe4 Ra7 21. Qf3 Nf5 22. Bxf5 exf5 23. Nc6 Bb7 24. d5 Bxc6 25. dxc6 Rae7 26. Re3 Rxe3 27. Bxe3 Qc8 28. Bf4 Bxb2 29. c7 Bf6 30. h3 Kg7 31. Qc6 Re6 32. Rd6 g5 33. Rxe6 fxe6 34. Qb6 1-0

[Event "Apeldoorn Aventus op"]
[Site "Apeldoorn"]
[Date "2007.09.08"]
[Round "2"]
[White "Pruijssers, Roeland"]
[Black "Akotchik, Victor"]
[Result "1/2-1/2"]
[WhiteElo "2399"]
[BlackElo "2103"]
[PlyCount "44"]
[EventDate "2007.09.07"]
[EventType "swiss"]
[EventRounds "6"]
[EventCountry "NED"]
[SourceTitle "CBM 120 Extra"]
[Source "ChessBase"]
[SourceDate "2007.11.01"]
[SourceVersion "1"]
[SourceVersionDate "2007.11.01"]
[SourceQuality "1"]

1. e4 d5 2. exd5 Nf6 3. Nf3 Nxd5 4. d4 g6 5. c4 Nf6 6. Nc3 Bg7 7. c5 Nd5 8. Bc4 c6 9. Qb3 0-0 10. 0-0 Nxc3 11. bxc3 b5 12. cxb6 axb6 13. Ng5 e6 14. Re1 h6 15. Nf3 Ba6 16. Bxa6 Rxa6 17. a4 Nd7 18. Ba3 c5 19. Red1 Qc7 20. dxc5 Nxc5 21. Bxc5 Qxc5 22. Nd4 Bxd4 1/2-1/2